| 000 | 01326cam a22003618i 4500 | ||
|---|---|---|---|
| 005 | 20260322212053.0 | ||
| 008 | data | ||
| 010 | _a 2013048614 | ||
| 020 | _a9780071820981 (acidfree paper) | ||
| 020 | _a0071820981 (acid-free paper) | ||
| 020 | _z9780071820998 (e-ISBN) | ||
| 040 |
_aDLC _beng _cDLC _erda _dDLC |
||
| 042 | _apcc | ||
| 050 | 0 | 0 |
_aPE1128 _b.P379 2014 |
| 082 | 0 | 0 |
_a428.2/4 _223 |
| 099 | _a 428.2 Pel 2014 | ||
| 100 | 1 |
_aPelletier, Danielle _c(ESL Instructor) |
|
| 245 | 1 | 0 |
_aEasy English step-by-step for ESL learners / _cDanielle Pelletier. |
| 263 | _a1403 | ||
| 264 | 1 |
_aChicago : _bMcGraw-Hill Education, _c2014. |
|
| 300 | _apages cm. | ||
| 336 |
_atext _2rdacontent |
||
| 337 |
_aunmediated _2rdamedia |
||
| 338 |
_avolume _2rdacarrier |
||
| 490 | 0 | _aEasy...Step-by-Step | |
| 650 | 0 |
_aEnglish language _vTextbooks for foreign speakers. |
|
| 650 | 0 |
_aEnglish language _xGrammar _vProblems, exercises, etc. |
|
| 906 |
_a7 _bcbc _corignew _d1 _eecip _f20 _gy-gencatlg |
||
| 925 | 0 |
_aacquire _b2 shelf copies _xpolicy default _eto CAD 2015-08-26 _eclaim2 2015-04-01 _eto CAD 2015-08-26 |
|
| 955 | _wxl01 2013-12-06 | ||
| 963 | _aAudrey Sails; phone: 312-585-3177; email: [email protected]; bc: [email protected] | ||
| 001 | data | ||
| 999 |
_c1262 _d1262 |
||